[Event "Gashimov Memorial 4th"]
[Site "Shamkir"]
[Date "2017.04.21"]
[Round "1"]
[White "Eljanov, Pavel"]
[Black "Radjabov, Teimour"]
[Result "1-0"]
[WhiteElo "2751"]
[BlackElo "2710"]
[Annotator "Silver,A"]
[PlyCount "91"]
[EventDate "2017.04.21"]
[EventType "tourn"]
[EventRounds "9"]
[EventCountry "AZE"]
[EventCategory "21"]
[SourceTitle "CBM 178"]
[Source "ChessBase"]
[SourceDate "2017.05.14"]
[SourceVersion "1"]
[SourceVersionDate "2017.05.14"]
[SourceQuality "1"]

1. e4 e5 2. Nf3 Nc6 3. Bb5 Nf6 4. d3 Bc5 5. Bxc6 dxc6 6. O-O Nd7 7. c3 O-O 8.
d4 Bd6 9. Bg5 $146 (9. Nbd2 Re8 10. Re1 b6 11. Nc4 Bb7 12. dxe5 Nxe5 13. Ncxe5
Bxe5 14. Nxe5 Rxe5 {1/2-1/2 (31) Brkic,A (2584)-Roiz,M (2605) Baku 2016}) 9...
f6 10. Qb3+ Kh8 11. Bh4 b6 12. Nbd2 Ba6 13. Rfe1 Qe7 14. dxe5 Nxe5 15. Nxe5
Qxe5 16. Bg3 Qe7 17. Bxd6 cxd6 18. Rad1 Bc8 19. Qa4 b5 20. Qa5 Bg4 21. f3 Be6
22. Nf1 d5 23. exd5 Qc5+ 24. Ne3 Bxd5 25. a3 Rfe8 26. Qb4 Qb6 27. Qd4 Qxd4 28.
Rxd4 Re7 29. Kf2 Rae8 30. Rdd1 Bb3 31. Nf5 Rxe1 32. Rxe1 Rxe1 33. Kxe1 Be6 34.
Nd4 Bd5 $2 {This is a serious mistake which compromises Black's position
almost irreversibly. The reason is twofold: Black's king is still a long way
away on h8, so what he needs is to keep White at bay while he puts his king on
the Express Train. The problem is that now White has Kd2-c3 and b3-c4 at his
disposal, which will gain a vital tempo attacking the bishop, and each tempo
Black cannot use to bring his king into play is near fatal.} (34... Bd7 $1 {
was the right move.}) 35. Kd2 $1 $16 a6 $2 {They say a mistake rarely comes
alone, and we see it here. Not only should Black be rushing his king and
therefore playing ...Kg8, but the last thing he should be doing is placing his
pawns on the same color as his bishop unless absolutely unavoidable.} 36. Ke3
Kg8 37. Nf5 $1 {The threat is clear: Kd4-c5-b6. White is now winning.} Kf7 38.
Kd4 $1 Be6 39. Ne3 Ke7 40. Kc5 Kd7 41. Kb6 f5 42. f4 {There is no rush to take
on a6 since a6 cannot be defended anyhow. Now White has placed his pawn on a
dark square, out of the bishop's reach, blocking the f5-pawn where it hampers
the bishop.} g5 43. g3 gxf4 44. gxf4 Kd6 45. Kxa6 Kc7 46. Ka5 1-0

[Event "Gashimov Memorial 4th"]
[Site "Shamkir"]
[Date "2017.04.22"]
[Round "2"]
[White "Kramnik, Vladimir"]
[Black "Radjabov, Teimour"]
[Result "1/2-1/2"]
[WhiteElo "2811"]
[BlackElo "2710"]
[PlyCount "146"]
[EventDate "2017.04.21"]
[EventType "tourn"]
[EventRounds "9"]
[EventCountry "AZE"]
[EventCategory "21"]
[SourceTitle "CBM 178"]
[Source "ChessBase"]
[SourceDate "2017.05.14"]
[SourceVersion "1"]
[SourceVersionDate "2017.05.14"]
[SourceQuality "1"]

1. d4 Nf6 2. Nf3 g6 3. Bg5 Bg7 4. c3 O-O 5. Nbd2 d5 6. e3 Nbd7 7. Be2 Re8 8.
O-O e5 9. Bh4 c6 10. Bg3 e4 11. Ne5 Nxe5 12. Bxe5 Bf8 13. Bg3 Bd6 14. Bh4 h6
15. c4 Be6 16. Rc1 Kg7 17. cxd5 cxd5 18. Nb1 Qb8 19. Kh1 Nd7 20. Bb5 Bxh2 21.
g3 g5 22. Bxd7 Bxd7 23. Kxh2 gxh4 24. Nc3 Qd6 25. Qh5 hxg3+ 26. fxg3 f5 27. Ne2
Rac8 28. Nf4 b6 29. Rg1 Rf8 30. Kh1 Rc6 31. Qh4 Rxc1 32. Rxc1 Rc8 33. Rf1 Rf8
34. Rf2 Rf7 35. Rc2 Rf8 36. Qh5 Rf7 37. a3 Re7 38. b4 Rf7 39. Qh4 Rf8 40. Nh5+
Kg6 41. Nf4+ Kg7 42. Qh5 Rf7 43. Kh2 Re7 44. Qe2 Be8 45. Qa6 Bf7 46. Qc8 Qd7
47. Qb8 Qb7 48. Qxb7 Rxb7 49. a4 Kf6 50. Rc6+ Kg5 51. Kh3 Rd7 52. a5 bxa5 53.
bxa5 Rb7 54. a6 Rb3 55. Rc7 Kf6 56. Rxa7 Rxe3 57. Rc7 Ra3 58. a7 Ra2 59. Rb7 e3
60. g4 fxg4+ 61. Kxg4 h5+ 62. Kf3 Ra3 63. Ng2 h4 64. Nxe3 h3 65. Kf4 Be6 66.
Nf1 Ra4 67. Kg3 Ra3+ 68. Kf4 Ra4 69. Kf3 Ra3+ 70. Ne3 Kg5 71. Rg7+ Kf6 72. Rc7
Kg5 73. Rg7+ Kf6 1/2-1/2

[Event "Gashimov Memorial 4th"]
[Site "Shamkir"]
[Date "2017.04.23"]
[Round "3"]
[White "Radjabov, Teimour"]
[Black "Harikrishna, Pentala"]
[Result "1/2-1/2"]
[WhiteElo "2710"]
[BlackElo "2755"]
[PlyCount "55"]
[EventDate "2017.04.21"]
[EventType "tourn"]
[EventRounds "9"]
[EventCountry "AZE"]
[EventCategory "21"]
[SourceTitle "CBM 178"]
[Source "ChessBase"]
[SourceDate "2017.05.14"]
[SourceVersion "1"]
[SourceVersionDate "2017.05.14"]
[SourceQuality "1"]

1. d4 Nf6 2. c4 e6 3. Nf3 d5 4. Nc3 Bb4 5. Bg5 h6 6. Bxf6 Qxf6 7. e3 O-O 8. Rc1
dxc4 9. Bxc4 c5 10. O-O cxd4 11. Nxd4 Bd7 12. Ne4 Qe7 13. Bd3 Nc6 14. Nb3 Na5
15. Rc7 Rfd8 16. Nxa5 Bxa5 17. Rxb7 Qf8 18. Qh5 Bb6 19. Ng5 f5 20. Bb5 Bxb5 21.
Nxe6 Be8 22. Qf3 Qf6 23. Rxg7+ Kh8 24. Qb7 Rab8 25. Rh7+ Kg8 26. Rg7+ Kh8 27.
Rh7+ Kg8 28. Rg7+ 1/2-1/2

[Event "Gashimov Memorial 4th"]
[Site "Shamkir"]
[Date "2017.04.25"]
[Round "5"]
[White "Radjabov, Teimour"]
[Black "Adams, Michael"]
[Result "1/2-1/2"]
[WhiteElo "2710"]
[BlackElo "2761"]
[PlyCount "63"]
[EventDate "2017.04.21"]
[EventType "tourn"]
[EventRounds "9"]
[EventCountry "AZE"]
[EventCategory "21"]
[SourceTitle "CBM 178"]
[Source "ChessBase"]
[SourceDate "2017.05.14"]
[SourceVersion "1"]
[SourceVersionDate "2017.05.14"]
[SourceQuality "1"]

1. d4 Nf6 2. c4 e6 3. Nf3 d5 4. g3 Be7 5. Bg2 O-O 6. O-O dxc4 7. Ne5 Nc6 8.
Bxc6 bxc6 9. Nxc6 Qe8 10. Nxe7+ Qxe7 11. Qc2 c5 12. Qxc4 cxd4 13. Qxd4 e5 14.
Qh4 Qb7 15. Nc3 Be6 16. Bg5 Nd5 17. Nxd5 Qxd5 18. b3 f6 19. Be3 Qb5 20. Rfe1 a5
21. f3 Rfc8 22. Kf2 a4 23. Qe4 axb3 24. axb3 Rxa1 25. Rxa1 Qxb3 26. Ra8 Rxa8
27. Qxa8+ Kf7 28. Qe4 Kg8 29. Qa8+ Kf7 30. Qe4 Kg8 31. Qa8+ Kf7 32. Qe4 1/2-1/2

[Event "Gashimov Memorial 4th"]
[Site "Shamkir"]
[Date "2017.04.27"]
[Round "6"]
[White "Wojtaszek, Radoslaw"]
[Black "Radjabov, Teimour"]
[Result "1/2-1/2"]
[WhiteElo "2745"]
[BlackElo "2710"]
[PlyCount "80"]
[EventDate "2017.04.21"]
[EventType "tourn"]
[EventRounds "9"]
[EventCountry "AZE"]
[EventCategory "21"]
[SourceTitle "CBM 178"]
[Source "ChessBase"]
[SourceDate "2017.05.14"]
[SourceVersion "1"]
[SourceVersionDate "2017.05.14"]
[SourceQuality "1"]

1. d4 Nf6 2. c4 e6 3. Nc3 Bb4 4. e3 O-O 5. Bd3 d5 6. Nf3 c5 7. O-O cxd4 8. exd4
dxc4 9. Bxc4 b6 10. Bg5 Bxc3 11. bxc3 Bb7 12. Bd3 Nbd7 13. c4 Qc7 14. Re1 Rac8
15. Qe2 h6 16. Bd2 Rfd8 17. Rac1 Qd6 18. Bc3 Qf4 19. Qe3 Qc7 20. h3 Ba8 21. Bb2
Qb7 22. Bf1 Qb8 23. a4 Re8 24. Nd2 Bc6 25. Ra1 Nf8 26. Qb3 Qf4 27. Qe3 Qc7 28.
Bd3 Ng6 29. Bxg6 fxg6 30. f3 g5 31. Qe5 Qd7 32. a5 b5 33. Ba3 a6 34. cxb5 Bxb5
35. Ne4 Nxe4 36. fxe4 Qf7 37. Rac1 Red8 38. Bc5 Qf6 39. Qxf6 gxf6 40. Kf2 Kf7
1/2-1/2

[Event "Gashimov Memorial 4th"]
[Site "Shamkir"]
[Date "2017.04.28"]
[Round "7"]
[White "Radjabov, Teimour"]
[Black "Topalov, Veselin"]
[Result "1/2-1/2"]
[WhiteElo "2710"]
[BlackElo "2741"]
[Annotator "Yermolinsky,A"]
[PlyCount "56"]
[EventDate "2017.04.21"]
[EventType "tourn"]
[EventRounds "9"]
[EventCountry "AZE"]
[EventCategory "21"]
[SourceTitle "CBM 178"]
[Source "ChessBase"]
[SourceDate "2017.05.14"]
[SourceVersion "1"]
[SourceVersionDate "2017.05.14"]
[SourceQuality "1"]

1. e4 c5 2. Nf3 d6 3. d4 cxd4 4. Nxd4 Nf6 5. Nc3 a6 6. Bc4 {The Fischer-Sozin
Attack is not seen a lot these days.} e6 7. Bb3 b5 8. Bg5 $5 {A bit of fresh
air, although it has been studied and played before.} ({There's just too much
theory in} 8. O-O) 8... Be7 (8... b4 9. Na4 Nbd7 10. f4 Qa5 {is one
interesting, albeit much riskier, line}) 9. Qf3 Qc7 10. e5 Bb7 11. exd6 Bxd6
12. Qe3 Bc5 13. O-O-O Nc6 {The key position.} 14. Bxf6 (14. Qxe6+ $3 {was the
bombshell of 2008, courtesy of Vassily Ivanchuk.} fxe6 15. Nxe6 {Here his
opponent, Sergey Karjakin chose} Qe5 {which is OK} ({later} 15... Bd6 {was
found more reliable:} 16. Rhe1 Kd7 17. Nxc7 Kxc7 18. Bxf6 gxf6 19. Nd5+ Kb8 20.
Nb6 Bf4+ 21. Kb1 Ra7 22. Nd7+ Ka8 23. Nb6+ {Karjakin-Gashimov, 2010.}) 16.
Nxg7+ Kf8 17. Ne6+ Kf7 (17... Ke7 18. Rhe1 Bxf2 19. Rxe5 Nxe5 20. Ng7 Nc4 $11)
18. Rhe1 {but made a terrible mistake here} Qxe1 $4 ({still} 18... Bxf2 {
was the move.}) 19. Nxc5+ Kg6 20. Rxe1 Kxg5 21. Nxb7) 14... gxf6 15. Nd5 Qe5
16. Qxe5 Nxe5 17. Nc7+ Ke7 18. Nxa8 Bxg2 {Guess what, this whole thing has
been known to theory.} 19. Rhe1 $1 {A novelty and the improvement.} ({On the
previosly played} 19. Rhg1 Bxa8 20. Rg7 $15 {Fernandez Cardoso-Hernandez
Carmenates, 2011}) 19... Bxd4 20. Rxd4 Nf3 21. Rxe6+ fxe6 22. Rg4 Rxa8 23. Rxg2
Kf7 24. Rg3 Nd4 25. Rh3 Kg6 26. Rg3+ Kf7 27. Rh3 Kg6 28. Rg3+ Kf7 {It is not
the first game of Radjabov's in this tournament that followed a theoretical
path to a forced draw.} 1/2-1/2

[Event "Gashimov Memorial 4th"]
[Site "Shamkir"]
[Date "2017.04.29"]
[Round "8"]
[White "So, Wesley"]
[Black "Radjabov, Teimour"]
[Result "1/2-1/2"]
[WhiteElo "2822"]
[BlackElo "2710"]
[PlyCount "118"]
[EventDate "2017.04.21"]
[EventType "tourn"]
[EventRounds "9"]
[EventCountry "AZE"]
[EventCategory "21"]
[SourceTitle "CBM 178"]
[Source "ChessBase"]
[SourceDate "2017.05.14"]
[SourceVersion "1"]
[SourceVersionDate "2017.05.14"]
[SourceQuality "1"]

1. c4 c5 2. Nf3 Nc6 3. e3 e6 4. d4 d5 5. cxd5 exd5 6. Bb5 cxd4 7. Nxd4 Bd7 8.
O-O Nf6 9. b3 Bd6 10. Bb2 O-O 11. Nd2 Re8 12. Rc1 Rc8 13. N2f3 Qe7 14. Qe2 Bb8
15. Rfd1 Qd6 16. Nxc6 bxc6 17. Ba6 Rcd8 18. Bd3 Ne4 19. Bxe4 Rxe4 20. Qc2 Rde8
21. g3 Bg4 22. Ng5 Bxd1 23. Nxe4 Bxc2 24. Nxd6 Bxd6 25. Rxc2 Rc8 26. Kf1 f5 27.
f3 Kf7 28. e4 fxe4 29. fxe4 dxe4 30. Rc4 c5 31. Rxe4 Rc6 32. Ra4 a6 33. Ke2 g5
34. Bc1 h6 35. Re4 Be7 36. Be3 Re6 37. Rc4 g4 38. Kd2 Rd6+ 39. Kc1 h5 40. Rxc5
Re6 41. Rc3 Bb4 42. Rd3 Rd6 43. Kc2 Ke6 44. Bd4 Kd5 45. Ba7+ Kc6 46. Rxd6+ Kxd6
47. Kd3 Kd5 48. a4 Be7 49. Bf2 Bb4 50. Bb6 Be7 51. Kc3 h4 52. gxh4 Bxh4 53. Bc7
Be1+ 54. Kd3 Bf2 55. b4 Bd4 56. Ke2 Kc4 57. Bd6 Bg1 58. a5 Bxh2 59. Bxh2 Kxb4
1/2-1/2

[Event "Gashimov Memorial 4th"]
[Site "Shamkir"]
[Date "2017.04.30"]
[Round "9"]
[White "Radjabov, Teimour"]
[Black "Karjakin, Sergey"]
[Result "1/2-1/2"]
[WhiteElo "2710"]
[BlackElo "2783"]
[PlyCount "82"]
[EventDate "2017.04.21"]
[EventType "tourn"]
[EventRounds "9"]
[EventCountry "AZE"]
[EventCategory "21"]
[SourceTitle "CBM 178"]
[Source "ChessBase"]
[SourceDate "2017.05.14"]
[SourceVersion "1"]
[SourceVersionDate "2017.05.14"]
[SourceQuality "1"]

1. d4 Nf6 2. Nf3 d5 3. c4 e6 4. Nc3 c5 5. cxd5 Nxd5 6. e4 Nxc3 7. bxc3 cxd4 8.
cxd4 Bb4+ 9. Bd2 Bxd2+ 10. Qxd2 O-O 11. Bc4 Nd7 12. O-O b6 13. a4 Bb7 14. Rfe1
Nf6 15. Bd3 h6 16. a5 bxa5 17. Rxa5 Qc7 18. Rc1 Qd8 19. Re1 Qc7 20. Qb4 Rfb8
21. Qa3 Rc8 22. h3 Qf4 23. d5 exd5 24. e5 Ne4 25. Qe7 Bc6 26. e6 Rf8 27. exf7+
Rxf7 28. Qb4 Re8 29. Qd4 Ng5 30. Rxe8+ Bxe8 31. Qxf4 Rxf4 32. Nxg5 hxg5 33.
Rxd5 g4 34. Rd8 Kf7 35. Ra8 gxh3 36. Rxa7+ Kf6 37. gxh3 Bf7 38. Be2 Be6 39. Ra6
Ke7 40. Ra7+ Kf6 41. Ra6 Ke5 1/2-1/2

[Event "Moscow FIDE GP"]
[Site "Moscow"]
[Date "2017.05.14"]
[Round "3"]
[White "Radjabov, Teimour"]
[Black "Grischuk, Alexander"]
[Result "1/2-1/2"]
[WhiteElo "2710"]
[BlackElo "2750"]
[PlyCount "57"]
[EventDate "2017.05.12"]
[EventType "swiss"]
[EventRounds "9"]
[EventCountry "RUS"]
[SourceTitle "CBM 179"]
[Source "ChessBase"]
[SourceDate "2017.07.12"]
[SourceVersion "1"]
[SourceVersionDate "2017.07.12"]
[SourceQuality "1"]

1. e4 c5 2. Nf3 d6 3. d4 cxd4 4. Nxd4 Nf6 5. Nc3 a6 6. Bg5 e6 7. f4 Qb6 8. Qd2
Qxb2 9. Rb1 Qa3 10. f5 Nc6 11. fxe6 fxe6 12. Nxc6 bxc6 13. e5 dxe5 14. Bxf6
gxf6 15. Ne4 Qxa2 16. Rd1 Be7 17. Be2 O-O 18. O-O f5 19. Qh6 Qxc2 20. Rf3 f4
21. Rh3 Rf7 22. Rhd3 Qxe2 23. Rd8+ Rf8 24. Nf6+ Kf7 25. Qxh7+ Kxf6 26. Qh6+ Kf7
27. Qh7+ Kf6 28. Qh6+ Kf7 29. Qh7+ 1/2-1/2

[Event "Moscow FIDE GP"]
[Site "Moscow"]
[Date "2017.05.15"]
[Round "4"]
[White "Vallejo Pons, Francisco"]
[Black "Radjabov, Teimour"]
[Result "0-1"]
[WhiteElo "2710"]
[BlackElo "2710"]
[Annotator "Szabo,Kr"]
[PlyCount "90"]
[EventDate "2017.05.12"]
[EventType "swiss"]
[EventRounds "9"]
[EventCountry "RUS"]
[SourceTitle "CBM 179"]
[Source "ChessBase"]
[SourceDate "2017.07.12"]
[SourceVersion "1"]
[SourceVersionDate "2017.07.12"]
[SourceQuality "1"]

1. e4 c5 2. Nf3 Nc6 3. Bb5 g6 4. Bxc6 dxc6 5. d3 Bg7 6. h3 Nf6 7. Nc3 O-O 8.
Bf4 Nh5 9. Be3 Qd6 ({A few years ago Radjabov played} 9... b6 10. g4 Nf6 11.
Qd2 e5 12. Bh6 Qd6 13. Qe3 Ne8 14. Ne2 f6 15. Nd2 Ba6 16. b3 Nc7 17. Bxg7 Kxg7
18. f4 Ne6 19. f5 Nd4 $13 {Grischuk-Radjabov, Astana blitz 2012, with a
complicated middlegame.}) 10. Qd2 e5 11. O-O-O b5 (11... Be6 {is the other
move,} 12. g4 Nf4 13. Bxf4 exf4 14. e5 Bxe5 15. Nxe5 Qxe5 16. Rhe1 {
(Rohit-Reinderman, Groningen 2008)} Qd4 17. Re4 Qd6 $11 {with a balanced
position.}) 12. Ne2 b4 {Black starts his attack on the queenside, while White
also comes on the kingside.} 13. g4 Nf6 14. Ng3 a5 15. c4 {At first this is a
strange move, but White wants to close the queenside as much as possible.} (15.
Bh6 a4 $13) 15... a4 16. Rhg1 {The rook is useful on the g-file. White's plan
is Bh6 to exchange the g7-bishop and try to sacrifice with Nf5.} (16. Bh6 Ne8 {
is similar to the text move.}) 16... Kh8 17. Bh6 Ne8 {Important defending move.
The knight wasn't active on f6 he needs to protect the g7-bishop.} 18. Bxg7+
Kxg7 (18... Nxg7 {could have been met by} 19. Qh6 {with some pressure on the
kingside.}) 19. Nf5+ $2 {A brave sacrifice, but this is a mistake at this
moment. White's main idea is this Nf5, but at a favourable moment. Now Black
has a nice defence.} ({The solid} 19. Qe3 {leads to a balanced middlegame.})
19... gxf5 20. gxf5+ Kh8 21. Qg5 Ra7 $1 {The correct reply! The rook is very
important on the 7th rank; he would like to play ...f6.} ({The immediate} 21...
f6 $2 {is bad, as} 22. Qh5 Ra7 (22... Ng7 $2 23. Rxg7 $1 Kxg7 24. Rg1+ Kh8 25.
Nh4 $1 $16 {followed by Ng6 with a decisive attack.}) 23. Nh4 Rg7 24. Ng6+ Rxg6
25. fxg6 Qe7 26. Rdf1 $1 $40 {preparing for f4 with unpleasant pressure for
Black.}) 22. Rg4 ({Now} 22. Nh4 $2 {could have been met by} a3 $1 23. b3 Qd4
$19 {and suddenly Black has a winning attack.}) 22... f6 23. Qh6 {White is
threatening Rdg1, Nh4 and Black can't defend against his attack.} Rff7 $1 {
The right move! Black prepares for ...Rg7.} ({The straightforward} 23... Rg7 $4
{loses immediately, because of} 24. Rxg7 Nxg7 25. Ng5 $1 $18 {and the pawn is
pinned against the queen; White is winning.}) 24. Rdg1 Rg7 25. Rxg7 Nxg7 $1 {
The only move!} (25... Rxg7 $4 {loses again,} 26. Rxg7 Nxg7 27. Ng5 $1 $18 {
and wins.}) 26. Ng5 Ne8 $1 {This is the point! Now Black is safe.} 27. Nf3 Ba6
(27... Rf7 $19 {was also fine.}) 28. Rg6 {Threatening Nxe5.} ({In the event of
} 28. Nh4 Ng7 $19) ({the engine suggests} 28. Nxe5 {as the best practical
chance,} fxe5 29. Rg6 Qe7 30. Rxc6 Qg7 31. Qxg7+ Nxg7 32. Rxc5 {, but} Nh5 $19
{followed by ...Nf4 and Black should be winning.}) 28... Rf7 $1 29. Ng5 Bxc4 $1
{This is the point of 27...Ba6!} (29... Rd7 $2 {could have been met by the
brilliant} 30. f4 $3 Bxc4 (30... exf4 31. e5 $1 $18) 31. fxe5 $18 {and White
crushes Black's position.}) 30. f4 {Vallejo tries to complicate the position,
but he is losing already.} ({If} 30. dxc4 Rd7 $1 $19 {and suddenly White gets
mated!}) ({or} 30. Nxf7+ Bxf7 $19 {is also hopeless for White.}) 30... exf4 31.
e5 Qe7 $1 {The nice cool-blooded reaction.} 32. Nxf7+ Bxf7 33. Rg1 Bxa2 $19 {
Black is completely winning. The remaining moves are not difficult.} 34. e6 f3
35. Qf4 Bd5 36. Qb8 c4 37. Kd2 c3+ 38. bxc3 bxc3+ 39. Kc2 a3 40. Rg4 a2 41. Qg3
a1=N+ 42. Kd1 c2+ 43. Kd2 c1=Q+ 44. Kxc1 Qc5+ 45. Kd2 Nb3+ 0-1

[Event "Moscow FIDE GP"]
[Site "Moscow"]
[Date "2017.05.16"]
[Round "5"]
[White "Svidler, Peter"]
[Black "Radjabov, Teimour"]
[Result "1/2-1/2"]
[WhiteElo "2755"]
[BlackElo "2710"]
[Annotator "Krasenkow,M"]
[PlyCount "61"]
[EventDate "2017.05.12"]
[EventType "swiss"]
[EventRounds "9"]
[EventCountry "RUS"]
[SourceTitle "CBM 179"]
[Source "ChessBase"]
[SourceDate "2017.07.12"]
[SourceVersion "1"]
[SourceVersionDate "2017.07.12"]
[SourceQuality "1"]

1. c4 e6 2. Nc3 d5 3. d4 Nf6 4. cxd5 Nxd5 5. e4 Nxc3 6. bxc3 c5 7. Rb1 Be7 8.
Nf3 (8. Bb5+ Bd7 9. Bxd7+ (9. Nf3 cxd4 10. cxd4 O-O 11. O-O Bxb5 12. Rxb5 Qc7
13. Qb3 b6 14. d5 exd5 15. Rxd5 Nd7 16. Bb2 Nc5 17. Qc3 Bf6 18. e5 Be7 $11 {
0-1 (35) Shishkov,A (2365)-Kulaots,K (2572) Viljandi 2014}) {was met with a
strong novelty:} 9... Nxd7 $1 (9... Qxd7 10. d5 exd5 11. exd5 O-O 12. Nf3 Bf6
13. O-O b5 {1/2 (48) Aronian,L (2785)-Vallejo Pons,F (2709) Sharjah 2017} 14.
Be3 $5) 10. Rxb7 $6 {(otherwise Black has no problems but now White's rook
gets into trouble, and he must sacrifice an exchange without getting enough
compensation)} cxd4 11. cxd4 Nb6 12. Qd2 Qc8 13. Rxe7+ Kxe7 14. Nf3 f6 15. O-O
Kf7 16. e5 f5 17. g4 Rd8 $15 {0-1 (60) Nepomniachtchi,I (2751)-Hou Yifan (2652)
Moscow 2017}) 8... O-O (8... Nd7 9. Bd3 b6 10. Bf4 Bb7 11. O-O O-O 12. Qe2 Qc8
13. d5 $1 $14 {1-0 (24) Narciso Dublan,M (2528)-Mascaro March,P (2375)
Barcelona 2012}) 9. Bc4 {[%cal Yd4d5]} (9. Bd3 cxd4 (9... Nc6 10. d5 $14 {
1/2 (20) Vareille,F (2430)-Bricard,E (2455) Chambery 1994}) 10. cxd4 Nc6 11.
O-O Nxd4 12. Nxd4 Qxd4 13. Bb2 Qd8 $13 {0-1 (27) Gonda,L (2507)-Kantorik,M 
(2288) Heviz 2008}) 9... Nc6 (9... cxd4 10. cxd4 Nc6 11. O-O b6 12. Bb2 Bb7 13.
Qe2 Rc8 14. Rfd1 Na5 15. Bb5 Bf6 16. h3 Qc7 17. Ba3 Rfd8 18. Rbc1 Qf4 19. Rxc8
Rxc8 20. d5 $16 {1-0 (41) Vitiugov,N (2739)-Adly,A (2589) Tsaghkadzor 2015}) (
9... Nd7 10. O-O Qc7 11. Qe2 b6 12. d5 exd5 13. Bxd5 Bb7 14. Bf4 $1 Qxf4 15.
Bxb7 Rab8 16. Bc6 Qc7 17. Bd5 Bf6 18. c4 $14 {1-0 (20) Vitiugov,N (2700)-Miton,
K (2626) Czechia 2013}) 10. O-O b6 (10... Qc7 11. Qe2 b6 12. Rd1 (12. d5 $5)
12... Na5 13. Bd3 Bb7 14. d5 c4 15. Bc2 e5 16. Be3 Bc8 17. h3 Rd8 18. Rf1 Bd7
19. Nd2 $14 {1/2 (41) Polugaevsky,L-Petrosian,T Soviet Union 1970}) 11. Bf4 {
A logical move restricting the mobility of Black's queen.} (11. Be3 Bb7 (11...
cxd4 $142 12. cxd4 Bb7) 12. dxc5 Na5 13. Bd3 Bxc5 (13... bxc5 {0-1 (40)
Jochens,A (2274)-Levin,F (2503) Germany 2015} 14. Bf4 $1 $14 {[%csl Rd8]}) 14.
Bxc5 bxc5 15. Qe2 Qc7 16. Qe3 $14) 11... Bb7 12. Re1 cxd4 13. cxd4 Nb4 $6 {
A strange decision. Teimour Radjabov probably missed something here.} (13...
Rc8 $142 {, and Black should equalise.}) 14. Qd2 Nc6 {Sad necessity.} ({
Perhaps Black planned} 14... Rc8 15. Rxb4 a5 16. Ra4 Bc6 17. Qd1 b5 {
overlooking a strong counterblow:} 18. d5 $1 exd5 (18... bxa4 19. dxc6) (18...
Be8 19. d6 Bh4 20. Bxb5 Bxb5 21. Ra3) 19. exd5 Bd7 20. d6 Bf6 21. Bxb5 Bxb5 22.
Rae4 $16) 15. d5 Na5 16. Bb5 exd5 17. exd5 Bc5 (17... Bxd5 $2 18. Rxe7 Bxf3 19.
Qxd8 Rfxd8 20. gxf3) (17... Bd6 $142 18. Rbd1 Qc7 $14) 18. Rbd1 $16 {[%csl Ra5,
Gd5]} Bd6 {Simply losing a tempo but Black hardly had anything better.} 19. Ne5
(19. Ng5 $142 $5 {[%cal Yg5e4]}) 19... a6 20. Bf1 $6 {[%mdl 32] Too passive.} (
20. Bd3 $142 Rc8 21. Qe2 (21. Qe3 $5 {[%cal Ye3h3]})) 20... Rc8 21. Nc6 {
This leads to simplifications. However, most of White's advantage has already
vanished.} (21. Qd4 $5) 21... Bxf4 22. Qxf4 Bxc6 23. dxc6 Qc7 24. Rd6 Nxc6 25.
Rc1 (25. Bxa6 Rcd8 26. Red1 Na5 $14) 25... Qb8 26. Bxa6 Ne5 $1 {[%mdl 2112]
This tactical trick enables Black to survive.} 27. Rcd1 Rc5 28. Qb4 {And
White's queen takes a wrong way from an active position to a passive one.} (28.
a4 $142 $14) 28... Nc6 29. Qb2 (29. Qf4 b5 $1 {[%csl Ra6]}) 29... Rd8 {Even
simpler than} (29... b5 $5 30. R6d5 Rxd5 31. Rxd5 b4) {Black gets rid of
White's active rook and solves his problems. With such a small number of pawns
(and with queens on the board), the advantage of White's bishop over Black's
knight is minimal.} 30. Rxd8+ Nxd8 31. Rb1 (31. Rb1 Ne6 32. g3 Rc6 $11) 1/2-1/2

[Event "Moscow FIDE GP"]
[Site "Moscow"]
[Date "2017.05.20"]
[Round "8"]
[White "Radjabov, Teimour"]
[Black "Gelfand, Boris"]
[Result "1/2-1/2"]
[WhiteElo "2710"]
[BlackElo "2724"]
[PlyCount "43"]
[EventDate "2017.05.12"]
[EventType "swiss"]
[EventRounds "9"]
[EventCountry "RUS"]
[SourceTitle "CBM 179"]
[Source "ChessBase"]
[SourceDate "2017.07.12"]
[SourceVersion "1"]
[SourceVersionDate "2017.07.12"]
[SourceQuality "1"]

1. d4 Nf6 2. c4 e6 3. g3 d5 4. Bg2 Bb4+ 5. Bd2 Be7 6. Nf3 O-O 7. O-O c6 8. Qc2
Nbd7 9. Rd1 b6 10. Bf4 Bb7 11. Ne5 Nh5 12. Bd2 Nhf6 13. cxd5 cxd5 14. Nc6 Bxc6
15. Qxc6 Rc8 16. Qb5 Ne8 17. Qd3 Nd6 18. Nc3 Nf6 19. b3 Qd7 20. Rac1 Rfd8 21.
Rc2 Nde4 22. Be1 1/2-1/2